Fisheries acoustics

Αποθηκεύτηκε σε:
Λεπτομέρειες βιβλιογραφικής εγγραφής
Κύριος συγγραφέας: David N. MacLennan
Μορφή: Βιβλίο
Γλώσσα:Undetermined
Έκδοση: London, UK Chapman and Hall 1992
Θέματα:
Ετικέτες: Προσθήκη ετικέτας
Δεν υπάρχουν, Καταχωρήστε ετικέτα πρώτοι!
Thư viện lưu trữ: Trung tâm Học liệu Trường Đại học Cần Thơ
LEADER 00490nam a2200181Ia 4500
001 CTU_58238
008 210402s9999 xx 000 0 und d
082 |a 639.2 
082 |b M163 
100 |a David N. MacLennan 
245 0 |a Fisheries acoustics 
245 0 |c David N. MacLennan and E. John Simmonds 
260 |a London, UK 
260 |b Chapman and Hall 
260 |c 1992 
650 |a fishery detection 
904 |i Minh 
980 |a Trung tâm Học liệu Trường Đại học Cần Thơ